000 00759nam a2200205Ia 4500
999 _c39279
_d39279
001 5865
003 GE_BSU
005 20190913121552.0
008 181216s1977||||ge |||||||||||||| ||geo||
040 _cGE_BSU
041 _ageo
080 _a821.353.1-1 ა-53
100 _aალფენიძე, ვლ.
_93988
245 _aმთვარის ღვთაების დღე /
_cვლ. ალფენიძე ; რედ. ლ. თურმანიძე.
264 _aთბილისი :
_bმერანი ;
_c1977.
300 _a423 გვ. ;
_c20 სმ.
653 _aმთვარის ღვთაების დღე
700 _aთურმანიძე, ლ.
_eრედაქტორი
_91756
942 _cBK
_2udc